00397nam a2200121Ia 4500008004100000082001500041100003200056245005300088300001100141942000700152999001900159952009700178230907s9999||||xx |||||||||||||| ||und|| a324.2bCHO aChoudhary, Sunil K.9115767 4aThe changing face of parties and party systems : a379 p. cBK c599387d599387 00104070aCAS-EbCAS-Ed2019-10-22l0o324.2 CHOpCAS-E0003486r2023-09-12w2023-09-12yBK